[Event "Bunratty Masters 2019"]
[Site "Bunratty IRL"]
[Date "2019.02.24"]
[Round "5.7"]
[White "Heidenfeld, Mark"]
[Black "Baburin, Alexander"]
[Result "1/2-1/2"]
[WhiteTitle "IM"]
[BlackTitle "GM"]
[WhiteElo "2358"]
[BlackElo "2432"]
[WhiteICU "2293"]
[BlackICU "2433"]
[WhiteClub "Kilkenny"]
[BlackClub "Kilkenny"]
[WhiteNationality "IRL"]
[BlackNationality "IRL"]
[WhiteFideId "2500990"]
[BlackFideId "2500914"]
[PlyCount "39"]
[EventDate "2019.02.22"]
[Source "Live boards / tournament organizers"]

{ Event information: <a
href="https://www.irlchess.com/bunratty2019_allfiles/pairings_bunratty2019.html">Tournament
report</a>. }

1. e4 Nf6 2. Nc3 d5 3. exd5 Nxd5 4. Bc4 Nb6 5. Bb3 Nc6 6. Nf3 Bf5 7. d4 e6
8. O-O Be7 9. d5 exd5 10. Nxd5 Nxd5 11. Bxd5 Nb4 12. Bxb7 Qxd1 13. Rxd1 Rb8
14. Nd4 Bxc2 15. Nxc2 Nxc2 16. Bc6+ Kf8 17. Rb1 Na3 18. Ra1 Nc2 19. Rb1 Na3
20. Ra1 1/2-1/2

[Event "Bunratty Masters 2019"]
[Site "Bunratty IRL"]
[Date "2019.02.24"]
[Round "5.8"]
[White "Lalic, Bogdan"]
[Black "Horvath, Gabor"]
[Result "1-0"]
[WhiteTitle "GM"]
[BlackTitle "FM"]
[WhiteElo "2406"]
[BlackElo "2252"]
[BlackICU "2074"]
[WhiteClub "Wood Green ENG"]
[BlackClub "Galway"]
[WhiteNationality "CRO"]
[BlackNationality "HUN"]
[WhiteFideId "409081"]
[BlackFideId "720003"]
[PlyCount "45"]
[EventDate "2019.02.22"]
[Source "Live boards / tournament organizers"]
[WhiteFullName "Lali&#263;, Bogdan"]
[BlackFullName "Horv&aacute;th, G&aacute;bor"]

{ Event information: <a
href="https://www.irlchess.com/bunratty2019_allfiles/pairings_bunratty2019.html">Tournament
report</a>. }

1. d4 d5 2. c4 dxc4 3. e4 Nc6 4. Nf3 Nf6 5. Nc3 Bg4 6. Be3 e6 7. Bxc4 Bb4
8. Qd3 Bxf3 9. gxf3 O-O 10. a3 Bxc3+ 11. Qxc3 Nh5 12. d5 exd5 13. Bxd5 Ne7
14. Bxb7 Rb8 15. Rd1 Qe8 16. Bd5 Nxd5 17. Rxd5 Nf6 18. Rg1 Qe6 19. Re5 Qa6
20. Bh6 g6 21. Rf5 Rb6 22. Bxf8 Kxf8 23. Rc5 1-0

[Event "Bunratty Masters 2019"]
[Site "Bunratty IRL"]
[Date "2019.02.24"]
[Round "5.9"]
[White "Collins, Sam"]
[Black "Vicas, Marijus"]
[Result "1-0"]
[WhiteTitle "IM"]
[WhiteElo "2429"]
[BlackElo "2212"]
[WhiteICU "2399"]
[BlackICU "2324"]
[WhiteClub "Gonzaga"]
[BlackClub "Gonzaga"]
[WhiteNationality "IRL"]
[BlackNationality "LTU"]
[WhiteFideId "2501198"]
[BlackFideId "12804541"]
[PlyCount "77"]
[EventDate "2019.02.22"]
[Source "Live boards / tournament organizers"]
[BlackFullName "Vi&#269;as, Marijus"]

{ Event information: <a
href="https://www.irlchess.com/bunratty2019_allfiles/pairings_bunratty2019.html">Tournament
report</a>. }

1. Nf3 Nf6 2. c4 e6 3. g3 d5 4. Bg2 Be7 5. O-O O-O 6. b3 c5 7. Bb2 Nc6 8.
e3 b6 9. Nc3 Bb7 10. cxd5 Nxd5 11. Nxd5 exd5 12. d4 Ba6 13. Re1 c4 14. bxc4
Bxc4 15. Nd2 Bb4 16. Nxc4 dxc4 17. Bxc6 Rc8 18. d5 c3 19. Bc1 c2 20. Qe2
Bxe1 21. Qxe1 Qf6 22. Ba3 Rfd8 23. Rc1 Rxc6 24. dxc6 Qxc6 25. Bb2 f6 26.
Qe2 Rc8 27. Qd3 b5 28. e4 a5 29. e5 fxe5 30. Bxe5 b4 31. Qb3+ Kf8 32. h4 h6
33. a3 Qc5 34. Qf3+ Ke7 35. Bxg7 Kd7 36. axb4 axb4 37. Bxh6 Qc4 38. Qf5+
Qe6 39. Qd3+ 1-0

[Event "Bunratty Masters 2019"]
[Site "Bunratty IRL"]
[Date "2019.02.24"]
[Round "5.10"]
[White "O'Donnell, Conor"]
[Black "Pein, Malcolm"]
[Result "1-0"]
[WhiteTitle "FM"]
[BlackTitle "IM"]
[WhiteElo "2377"]
[BlackElo "2313"]
[WhiteICU "2342"]
[WhiteClub "Gonzaga"]
[BlackClub "Wood Green ENG"]
[WhiteNationality "IRL"]
[BlackNationality "ENG"]
[WhiteFideId "2504243"]
[BlackFideId "400289"]
[PlyCount "61"]
[EventDate "2019.02.22"]
[Source "Live boards / tournament organizers"]

{ Event information: <a
href="https://www.irlchess.com/bunratty2019_allfiles/pairings_bunratty2019.html">Tournament
report</a>. }

1. d4 Nf6 2. c4 g6 3. f3 Bg7 4. e4 O-O 5. Nc3 Nc6 6. d5 Nb8 7. Be3 e6 8.
Qd2 exd5 9. cxd5 c6 10. Bc4 b5 11. Bb3 a5 12. Nge2 a4 13. Bc2 cxd5 14. exd5
a3 15. b4 Re8 16. Kf2 Bb7 17. Rab1 d6 18. Bb3 Nbd7 19. Nxb5 Ne5 20. h3 Qd7
21. Nbc3 Qf5 22. Ng3 Nd3+ 23. Kg1 Qe5 24. Qxd3 Qxe3+ 25. Qxe3 Rxe3 26. Nb5
Rxb3 27. Rxb3 Bxd5 28. Rxa3 Rb8 29. Nxd6 Rxb4 30. Kh2 Rb2 31. Re1 1-0

[Event "Bunratty Masters 2019"]
[Site "Bunratty IRL"]
[Date "2019.02.24"]
[Round "5.11"]
[White "Rawlinson, Aidan"]
[Black "Connell, Blair"]
[Result "1-0"]
[WhiteElo "2145"]
[BlackElo "2239"]
[WhiteClub "Greater Manchester ENG"]
[BlackClub "Battersea ENG"]
[WhiteNationality "ENG"]
[BlackNationality "ENG"]
[WhiteFideId "413496"]
[BlackFideId "403725"]
[PlyCount "77"]
[EventDate "2019.02.22"]
[Source "Live boards / tournament organizers"]

{ Event information: <a
href="https://www.irlchess.com/bunratty2019_allfiles/pairings_bunratty2019.html">Tournament
report</a>. }

1. d4 d5 2. c4 c6 3. Nf3 Nf6 4. e3 Bf5 5. Nc3 e6 6. Nh4 Bg4 7. Qb3 Qb6 8.
h3 Bh5 9. g4 Bg6 10. Nxg6 hxg6 11. Bg2 g5 12. c5 Qc7 13. e4 Nxe4 14. Nxe4
dxe4 15. Bxg5 Nd7 16. Bxe4 Nf6 17. Bg2 O-O-O 18. O-O-O Rd7 19. Kb1 Be7 20.
Qe3 Rhd8 21. Bf4 Qa5 22. Qe5 Rc7 23. Qxc7+ Qxc7 24. Bxc7 Kxc7 25. Kc2 Rh8
26. Kc3 Nd7 27. f4 Bf6 28. b4 g5 29. Rhf1 gxf4 30. Rxf4 e5 31. Rxf6 exd4+
32. Rxd4 Nxf6 33. Rf4 Nd7 34. Rxf7 Kd8 35. Kd4 Ke8 36. Rg7 Rf8 37. b5 Rf2
38. bxc6 Rxg2 39. c7 1-0

[Event "Bunratty Masters 2019"]
[Site "Bunratty IRL"]
[Date "2019.02.24"]
[Round "5.12"]
[White "O'Gorman, Tom"]
[Black "Moynihan, Kieran"]
[Result "1/2-1/2"]
[WhiteTitle "FM"]
[WhiteElo "2248"]
[BlackElo "2115"]
[WhiteICU "2211"]
[BlackICU "2112"]
[WhiteClub "Dun Laoghaire"]
[BlackClub "C.C.Y.M.S."]
[WhiteNationality "IRL"]
[BlackNationality "IRL"]
[WhiteFideId "2508249"]
[BlackFideId "2500663"]
[PlyCount "60"]
[EventDate "2019.02.22"]
[Source "Live boards / tournament organizers"]

{ Event information: <a
href="https://www.irlchess.com/bunratty2019_allfiles/pairings_bunratty2019.html">Tournament
report</a>. }

1. e4 e5 2. Nf3 Nc6 3. Bb5 f5 4. Nc3 fxe4 5. Nxe4 Nf6 6. Nxf6+ Qxf6 7. Qe2
Be7 8. Bxc6 bxc6 9. Nxe5 Qe6 10. Nf3 Qxe2+ 11. Kxe2 O-O 12. Re1 Bf6 13. Kf1
d6 14. d3 Rb8 15. Rb1 Rb5 16. Be3 Bxb2 17. Bxa7 c5 18. Re7 Rb7 19. Nd2 Bd4
20. Rxb7 Bxb7 21. f3 Ra8 22. Rxc7 Rxa7 23. Nc4 Rxa2 24. Rxb7 Rxc2 25. Nxd6
h6 26. Nf5 Rc1+ 27. Ke2 Rc2+ 28. Ke1 Rxg2 29. Nxd4 cxd4 30. Rd7 Rxh2
1/2-1/2

[Event "Bunratty Masters 2019"]
[Site "Bunratty IRL"]
[Date "2019.02.24"]
[Round "5.13"]
[White "Miller, Ioana"]
[Black "Wolferink, Frans"]
[Result "0-1"]
[WhiteTitle "WFM"]
[WhiteElo "2185"]
[BlackElo "2086"]
[WhiteClub "T.C.D."]
[WhiteNationality "IRL"]
[BlackNationality "NED"]
[WhiteFideId "1202260"]
[BlackFideId "1003917"]
[PlyCount "110"]
[EventDate "2019.02.22"]
[Source "Live boards / tournament organizers"]

{ Event information: <a
href="https://www.irlchess.com/bunratty2019_allfiles/pairings_bunratty2019.html">Tournament
report</a>. }

1. e4 e5 2. Nf3 Nc6 3. Bb5 a6 4. Ba4 Nge7 5. O-O g6 6. d4 exd4 7. Nxd4 Bg7
8. Nxc6 Nxc6 9. Nc3 O-O 10. Nd5 d6 11. c3 Be6 12. Bf4 Ne5 13. Bb3 c6 14.
Ne3 Bxb3 15. Qxb3 Nd3 16. Bg3 Nc5 17. Qc2 Qe7 18. f3 f5 19. Nc4 Qe6 20. Nb6
Rad8 21. exf5 Qxf5 22. Qxf5 gxf5 23. Rad1 f4 24. Bf2 Ne6 25. Rfe1 Kf7 26.
Nc4 d5 27. Ne5+ Ke7 28. Ng4 Kd6 29. Bb6 Rde8 30. Nf2 c5 31. b4 Kc6 32. bxc5
Bxc3 33. Re2 Nd4 34. Rxe8 Rxe8 35. Nd3 Re2 36. a4 Ne6 37. Kf1 Ra2 38. a5
Kb5 39. Ba7 Rxa5 40. Bb8 Ra1 41. Rxa1 Bxa1 42. Nxf4 Nxf4 43. Bxf4 Kxc5 44.
Ke2 a5 45. Kd3 b5 46. Bc7 a4 47. Bd8 Kd6 48. Ba5 Ke6 49. Bb4 Be5 50. h3 Kf5
51. g3 Bxg3 52. Kd4 Ke6 53. Kc5 a3 54. Kxb5 a2 55. Bc3 Be5 0-1

[Event "Bunratty Masters 2019"]
[Site "Bunratty IRL"]
[Date "2019.02.24"]
[Round "5.14"]
[White "Wallace, Paul"]
[Black "McMorrow, John"]
[Result "0-1"]
[WhiteElo "2151"]
[BlackElo "2052"]
[WhiteICU "2163"]
[BlackICU "1997"]
[WhiteClub "Kilkenny"]
[BlackClub "Gonzaga"]
[WhiteNationality "IRL"]
[BlackNationality "IRL"]
[WhiteFideId "2500892"]
[BlackFideId "2501481"]
[PlyCount "70"]
[EventDate "2019.02.22"]
[Source "Live boards / tournament organizers"]

{ Event information: <a
href="https://www.irlchess.com/bunratty2019_allfiles/pairings_bunratty2019.html">Tournament
report</a>. }

1. e4 e5 2. Nf3 Nc6 3. Bc4 Bc5 4. d3 d6 5. c3 Nf6 6. O-O Bg4 7. b4 Bb6 8.
Nbd2 O-O 9. a4 a6 10. Bb3 d5 11. h3 Bh5 12. Ba3 dxe4 13. Nxe4 Nxe4 14. dxe4
Qxd1 15. Rfxd1 Bxf3 16. gxf3 Rfd8 17. Bd5 Rab8 18. b5 Na5 19. Ba2 c5 20.
bxa6 bxa6 21. Rab1 Rxd1+ 22. Rxd1 c4 23. Rd5 f6 24. Bb4 Nb3 25. a5 Bc7 26.
Kf1 Rd8 27. Rxd8+ Bxd8 28. Ke1 Bxa5 29. Kd1 Bb6 30. Ba3 a5 31. Bxb3 cxb3
32. c4 Bxf2 33. Ke2 Bd4 34. Kd3 Kf7 35. f4 b2 0-1

[Event "Bunratty Masters 2019"]
[Site "Bunratty IRL"]
[Date "2019.02.24"]
[Round "5.15"]
[White "Fegan, Chris"]
[Black "Machin, Guillaume"]
[Result "1/2-1/2"]
[BlackTitle "CM"]
[WhiteElo "2024"]
[BlackElo "2159"]
[WhiteClub "4NCL C.S.C. ENG"]
[BlackClub "Rueil Malmaison FRA"]
[WhiteNationality "ENG"]
[BlackNationality "FRA"]
[WhiteFideId "410047"]
[BlackFideId "616648"]
[PlyCount "84"]
[EventDate "2019.02.22"]
[Source "Live boards / tournament organizers"]

{ Event information: <a
href="https://www.irlchess.com/bunratty2019_allfiles/pairings_bunratty2019.html">Tournament
report</a>. }

1. d4 e6 2. c4 f5 3. Nf3 Nf6 4. g3 Be7 5. Bg2 d6 6. O-O O-O 7. Nc3 Ne4 8.
Nxe4 fxe4 9. Ne1 d5 10. f3 Nc6 11. fxe4 Rxf1+ 12. Kxf1 dxc4 13. Nf3 b5 14.
Bf4 Bb7 15. Rc1 Qf8 16. Kg1 Bd6 17. e5 Be7 18. b3 Ba3 19. bxc4 Bxc1 20.
Qxc1 Qb4 21. d5 exd5 22. cxd5 Nd4 23. Nxd4 Qxd4+ 24. e3 Qd3 25. e4 c5 26.
Qxc5 Qb1+ 27. Bf1 Qxe4 28. Bg2 Qe1+ 29. Bf1 Qd1 30. d6 Qd5 31. Qxd5+ Bxd5
32. Bxb5 Be6 33. Be3 Rb8 34. Bc6 a5 35. Ba7 Rf8 36. Bb6 Rf7 37. Bxa5 g5 38.
Bd2 h6 39. Be3 Kg7 40. Kg2 Kg6 41. Bd4 Kg7 42. Kg1 Kg8 1/2-1/2

[Event "Bunratty Masters 2019"]
[Site "Bunratty IRL"]
[Date "2019.02.24"]
[Round "5.16"]
[White "Pein, Jonathan"]
[Black "Menzies, Colin"]
[Result "1-0"]
[WhiteElo "2126"]
[BlackElo "2170"]
[WhiteClub "Hendon ENG"]
[BlackClub "Rangers ENG"]
[WhiteNationality "ENG"]
[BlackNationality "IRL"]
[WhiteFideId "417092"]
[BlackFideId "2502755"]
[PlyCount "35"]
[EventDate "2019.02.22"]
[Source "Live boards / tournament organizers"]

{ Event information: <a
href="https://www.irlchess.com/bunratty2019_allfiles/pairings_bunratty2019.html">Tournament
report</a>. }

1. d4 Nf6 2. c4 c5 3. d5 e6 4. Nc3 exd5 5. cxd5 d6 6. e4 g6 7. Bb5+ Bd7 8.
Bxd7+ Nbxd7 9. Nf3 Bg7 10. Bf4 Nh5 11. Bxd6 Qb6 12. e5 Qxb2 13. Ne2 Qb4+
14. Kf1 Nf4 15. e6 Nxe2 16. Qxe2 O-O-O 17. Rc1 Qa3 18. exd7+ 1-0

[Event "Bunratty Masters 2019"]
[Site "Bunratty IRL"]
[Date "2019.02.24"]
[Round "5.17"]
[White "Doyle, Hugh"]
[Black "Walton, Alan J."]
[Result "0-1"]
[BlackTitle "CM"]
[WhiteElo "2040"]
[BlackElo "2140"]
[WhiteICU "2022"]
[WhiteClub "Cork"]
[BlackClub "3Cs ENG"]
[WhiteNationality "IRL"]
[BlackNationality "ENG"]
[WhiteFideId "2500876"]
[BlackFideId "409898"]
[PlyCount "60"]
[EventDate "2019.02.22"]
[Source "Live boards / tournament organizers"]

{ Event information: <a
href="https://www.irlchess.com/bunratty2019_allfiles/pairings_bunratty2019.html">Tournament
report</a>. }

1. Nf3 f5 2. g3 Nf6 3. Bg2 d6 4. O-O e5 5. d3 Be7 6. c4 O-O 7. Nc3 Qe8 8.
c5 Nc6 9. Qb3+ Kh8 10. Nb5 Qd8 11. cxd6 cxd6 12. e4 fxe4 13. Ng5 a6 14. Nc3
Nd4 15. Qd1 exd3 16. Qxd3 Bf5 17. Qd1 h6 18. Nf3 Bg4 19. Qd3 Nxf3+ 20. Bxf3
Bxf3 21. Qxf3 d5 22. Qg2 d4 23. Rd1 Qc7 24. Ne2 Rad8 25. Bd2 Qc4 26. f3 Bc5
27. Kh1 Qd5 28. Rac1 Nd7 29. Ba5 b6 30. Nc3 Qxf3 0-1

[Event "Bunratty Masters 2019"]
[Site "Bunratty IRL"]
[Date "2019.02.24"]
[Round "5.18"]
[White "O'Connor, Jonathan"]
[Black "Fox, Anthony"]
[Result "1-0"]
[WhiteElo "2208"]
[BlackElo "2041"]
[BlackICU "2027"]
[WhiteClub "Dublin"]
[BlackClub "Dun Laoghaire"]
[WhiteNationality "IRL"]
[BlackNationality "IRL"]
[WhiteFideId "2501112"]
[BlackFideId "2500736"]
[PlyCount "85"]
[EventDate "2019.02.22"]
[Source "Live boards / tournament organizers"]

{ Event information: <a
href="https://www.irlchess.com/bunratty2019_allfiles/pairings_bunratty2019.html">Tournament
report</a>. }

1. e4 e5 2. Nc3 Nf6 3. f4 d5 4. fxe5 Nxe4 5. Qf3 Nc6 6. Bb5 Nxc3 7. dxc3
Qh4+ 8. g3 Qe4+ 9. Qxe4 dxe4 10. Bxc6+ bxc6 11. Be3 Be7 12. O-O-O O-O 13.
Ne2 a5 14. Nd4 Bd7 15. Rhf1 g6 16. Bh6 Rfe8 17. Rde1 c5 18. Nb3 Bc6 19. Nd2
Bf8 20. Bf4 Re6 21. Nxe4 Bxe4 22. Rxe4 f6 23. Rfe1 g5 24. Bd2 Rae8 25. R4e3
fxe5 26. Re4 h6 27. Be3 Bd6 28. b3 c4 29. Rxc4 e4 30. Kd2 Rd8 31. Ke2 Kh7
32. Rf1 Kg6 33. Rc6 Rde8 34. Bd4 h5 35. Ra6 e3 36. Rxa5 g4 37. Raf5 h4 38.
gxh4 Bxh2 39. Rg5+ Kh6 40. Rxg4 Rg6 41. Rxg6+ Kxg6 42. Bxe3 Kh5 43. Kd3 1-0

[Event "Bunratty Masters 2019"]
[Site "Bunratty IRL"]
[Date "2019.02.24"]
[Round "5.19"]
[White "O'Flaherty, Kevin"]
[Black "Melaugh, Shane"]
[Result "1-0"]
[WhiteElo "1872"]
[BlackElo "2118"]
[WhiteICU "1815"]
[BlackICU "2122"]
[WhiteClub "Univ. of Limerick"]
[BlackClub "Elm Mount"]
[WhiteNationality "IRL"]
[BlackNationality "IRL"]
[WhiteFideId "2502283"]
[BlackFideId "2509580"]
[PlyCount "79"]
[EventDate "2019.02.22"]
[Source "Live boards / tournament organizers"]

{ Event information: <a
href="https://www.irlchess.com/bunratty2019_allfiles/pairings_bunratty2019.html">Tournament
report</a>. }

1. d4 Nf6 2. Bf4 d5 3. e3 c5 4. c3 Nc6 5. Nd2 Qb6 6. Qc2 Bg4 7. Ngf3 e6 8.
Ne5 Bf5 9. Bd3 Bxd3 10. Nxd3 c4 11. Ne5 Nh5 12. Bg3 f6 13. Nef3 Rc8 14. Bh4
Bd6 15. g4 g5 16. gxh5 gxh4 17. O-O-O Qa5 18. Rhg1 Qxa2 19. Rg7 Na5 20. Qb1
Qxb1+ 21. Kxb1 Bf8 22. Rg4 f5 23. Rg2 Be7 24. h3 Nc6 25. Ne5 Bf6 26. f4 Ke7
27. Rdg1 Nd8 28. Ndf3 Nf7 29. Kc2 Nd6 30. h6 Ne4 31. Rg7+ Bxg7 32. Rxg7+
Ke8 33. Rxb7 Rg8 34. Rxh7 Rb8 35. Ng5 Ng3 36. Nc6 Rxg5 37. fxg5 Rb6 38.
Rxa7 Nf1 39. h7 Nxe3+ 40. Kc1 1-0

[Event "Bunratty Masters 2019"]
[Site "Bunratty IRL"]
[Date "2019.02.24"]
[Round "5.20"]
[White "Artola Pola, Gerardo"]
[Black "Voiteanu, Gabriel"]
[Result "0-1"]
[BlackTitle "FM"]
[WhiteElo "1975"]
[BlackElo "2121"]
[WhiteICU "1982"]
[WhiteClub "Dublin"]
[WhiteNationality "ARG"]
[BlackNationality "ROU"]
[WhiteFideId "150878"]
[BlackFideId "1208810"]
[PlyCount "118"]
[EventDate "2019.02.22"]
[Source "Live boards / tournament organizers"]

{ Event information: <a
href="https://www.irlchess.com/bunratty2019_allfiles/pairings_bunratty2019.html">Tournament
report</a>. }

1. e4 e5 2. Nf3 Nc6 3. Bb5 a6 4. Bxc6 dxc6 5. O-O f6 6. d4 exd4 7. Nxd4 c5
8. Ne2 Bg4 9. f3 Be6 10. Be3 Bd6 11. Bf4 Bxf4 12. Nxf4 Bc4 13. Re1 Qd4+ 14.
Qxd4 cxd4 15. Nd2 Bf7 16. Nb3 O-O-O 17. Rad1 Bxb3 18. axb3 Rd6 19. Nd5 Kb8
20. Rd3 Nh6 21. Red1 Rhd8 22. Nf4 Nf7 23. R3d2 c5 24. Nd3 b6 25. Kf2 a5 26.
f4 g5 27. g3 Re6 28. Re2 Rde8 29. Rde1 Kc7 30. Kf3 Nd6 31. e5 fxe5 32. Rxe5
Rxe5 33. Rxe5 gxf4 34. Rxe8 Nxe8 35. Kxf4 Kd6 36. g4 b5 37. g5 c4 38. bxc4
bxc4 39. Ne5 Kd5 40. b3 Nd6 41. Nd7 cxb3 42. cxb3 Nf7 43. h4 Ke6 44. Nc5+
Kd5 45. Nb7 Ne5 46. Nxa5 Ng6+ 47. Kg3 Ke4 48. h5 Nf4 49. Kg4 d3 50. Nc4 Nd5
51. g6 hxg6 52. h6 Ne3+ 53. Nxe3 $4 { Now White queens first but still
loses. } (53. Kg5 $1 Nxc4 54. h7 d2 55. h8=Q d1=Q 56. Qa8+ $10) 53... Kxe3
54. h7 d2 55. h8=Q d1=Q+ 56. Kg5 Qg1+ 57. Kh6 Qh2+ 58. Kg7 Qxh8+ 59. Kxh8
g5 0-1

[Event "Bunratty Masters 2019"]
[Site "Bunratty IRL"]
[Date "2019.02.24"]
[Round "5.21"]
[White "Keogh, Eamon"]
[Black "Moran, Stephen"]
[Result "0-1"]
[WhiteTitle "NM"]
[WhiteElo "1929"]
[BlackElo "2155"]
[WhiteICU "1908"]
[BlackICU "2145"]
[WhiteClub "Kilkenny"]
[BlackClub "T.C.D."]
[WhiteNationality "IRL"]
[BlackNationality "IRL"]
[WhiteFideId "2500264"]
[BlackFideId "2501872"]
[PlyCount "45"]
[EventDate "2019.02.22"]
[Source "Live boards / tournament organizers"]

{ Event information: <a
href="https://www.irlchess.com/bunratty2019_allfiles/pairings_bunratty2019.html">Tournament
report</a>. }

1. e4 c5 2. Nc3 Nc6 3. f4 d6 4. Nf3 g6 5. Bb5 Bd7 6. d3 Bg7 7. O-O Nf6 8.
Bxc6 Bxc6 9. Qe1 Qd7 10. Rb1 O-O 11. h3 b5 12. Qh4 b4 13. Ne2 c4 14. f5
cxd3 15. cxd3 Bb5 16. Rd1 gxf5 17. Ned4 fxe4 18. dxe4 Bc6 19. e5 Bxf3 20.
Nxf3 Ne8 21. Bg5 f6 22. exf6 Nxf6 23. Qxb4 0-1

[Event "Bunratty Masters 2019"]
[Site "Bunratty IRL"]
[Date "2019.02.24"]
[Round "5.22"]
[White "Melaugh, Gavin"]
[Black "Fehr, Jukka"]
[Result "0-1"]
[WhiteElo "2078"]
[BlackElo "1976"]
[WhiteICU "2038"]
[WhiteClub "Elm Mount"]
[BlackClub "JoeSK FIN"]
[WhiteNationality "IRL"]
[BlackNationality "FIN"]
[WhiteFideId "2509571"]
[BlackFideId "4674693"]
[PlyCount "50"]
[EventDate "2019.02.22"]
[Source "Live boards / tournament organizers"]

{ Event information: <a
href="https://www.irlchess.com/bunratty2019_allfiles/pairings_bunratty2019.html">Tournament
report</a>. }

1. c4 e5 2. Nc3 f5 3. e4 d6 4. Bd3 Ne7 5. h4 Na6 6. h5 Nc5 7. Bc2 Be6 8. h6
Qd7 9. b4 Nxe4 10. Nxe4 fxe4 11. Bxe4 O-O-O 12. Bb2 gxh6 13. f4 Bg7 14. Nf3
Nf5 15. fxe5 Ng3 16. Rh4 dxe5 17. Nxe5 Rhf8 18. Bf3 Qe7 19. Qa4 Rxf3 20.
O-O-O Bxe5 21. Bxe5 Qxh4 22. gxf3 Ne2+ 23. Kb1 Qxc4 24. Bf6 Rf8 25. Bg7 Rd8
0-1

[Event "Bunratty Masters 2019"]
[Site "Bunratty IRL"]
[Date "2019.02.24"]
[Round "5.23"]
[White "Flynn, Jacob"]
[Black "McDonnell, James J."]
[Result "1-0"]
[WhiteElo "1991"]
[BlackElo "1825"]
[WhiteICU "1963"]
[BlackICU "2005"]
[WhiteClub "Malahide"]
[BlackClub "Steatham ENG"]
[WhiteNationality "IRL"]
[BlackNationality "IRL"]
[WhiteFideId "2509393"]
[BlackFideId "2500787"]
[PlyCount "25"]
[EventDate "2019.02.22"]
[Source "Live boards / tournament organizers"]

{ Event information: <a
href="https://www.irlchess.com/bunratty2019_allfiles/pairings_bunratty2019.html">Tournament
report</a>. }

1. d4 d5 2. c4 c6 3. Nf3 Nf6 4. Nc3 dxc4 5. a4 Bf5 6. Ne5 Nbd7 7. Nxc4 Nb6
8. Ne5 a5 9. f3 Nfd7 10. Nxd7 Qxd7 11. e4 Be6 12. d5 cxd5 13. Bb5 1-0

[Event "Bunratty Masters 2019"]
[Site "Bunratty IRL"]
[Date "2019.02.24"]
[Round "5.24"]
[White "Nettleton, Charlie B."]
[Black "Byrne, Alex"]
[Result "1/2-1/2"]
[WhiteElo "2064"]
[BlackElo "1967"]
[BlackICU "1961"]
[WhiteClub "Uxbridge ENG"]
[BlackClub "St. Benildus"]
[WhiteNationality "ENG"]
[BlackNationality "IRL"]
[WhiteFideId "419710"]
[BlackFideId "2508788"]
[PlyCount "116"]
[EventDate "2019.02.22"]
[Source "Live boards / tournament organizers"]

{ Event information: <a
href="https://www.irlchess.com/bunratty2019_allfiles/pairings_bunratty2019.html">Tournament
report</a>. }

1. e4 e6 2. Nf3 c5 3. c3 d5 4. exd5 Qxd5 5. d4 Nf6 6. Bd3 Be7 7. O-O b6 8.
Na3 Nc6 9. Bf4 Bb7 10. Nb5 O-O-O 11. Qa4 Nh5 12. c4 Qd7 13. Ne5 Qe8 14.
Nxc6 Nxf4 15. Nbxa7+ Kc7 16. Nb5+ Kc8 17. Be4 Rd7 18. Qa7 Bxc6 19. Bxc6
Rxa7 20. Nxa7+ Kc7 21. Bxe8 Rxe8 22. Nb5+ Kc6 23. Rad1 Bf6 24. dxc5 Kxc5
25. b3 Ra8 26. a3 Ne2+ 27. Kh1 Nd4 28. Nxd4 Bxd4 29. a4 e5 30. f3 Kb4 31.
Rd3 Rd8 32. g4 g6 33. g5 h6 34. h4 hxg5 35. hxg5 Rh8+ 36. Kg2 Kc5 37. Rh1
Re8 38. Rh4 f5 39. gxf6 Rf8 40. Rh7 Rxf6 41. Rd7 Kb4 42. Rd5 Ka3 43. a5 Kb2
44. Kf1 bxa5 45. Rxa5 Rf5 46. Ke2 Rh5 47. b4 Rh2+ 48. Kf1 Rf2+ 49. Ke1 Rc2
50. c5 Bc3+ 51. Kf1 Rc1+ 52. Kf2 Kb3 53. c6 Kxb4 54. Rxc3 Rxc3 55. Rxe5
Rxc6 56. Kg3 Kc4 57. Kg4 Kd4 58. f4 Ra6 1/2-1/2